Ich bin, Ich und mein umstand... (Record no. 186132)

MARC details
000 -LEADER
campo de control de longitud fija 00913nam a2200229 i 4500
001 - NÚMERO DE CONTROL
campo de control 186132
003 - IDENTIFICADOR DE NÚMERO DE CONTROL
campo de control ES-MaACL
005 - FECHA Y HORA DE LA ÚLTIMA TRANSACCIÓN
campo de control 20231201191941.0
008 - DATOS DE LONGITUD FIJA--INFORMACIÓN GENERAL
campo de control de longitud fija 160912s2013 gw ac |||| |dger d
020 ## - NÚMERO INTERNACIONAL ESTÁNDAR DEL LIBRO
Número Internacional Estándar del Libro 978-3-8288-3133-9
080 ## - NÚMERO DE LA CLASIFICACIÓN DECIMAL UNIVERSAL
Número de la Clasificación Decimal Universal 821.134.2 Ortega y Gasset, José 1.07
100 1# - ENTRADA PRINCIPAL--NOMBRE DE PERSONA
Nombre de persona Winter, Rosemarie.
9 (RLIN) 160801
245 10 - MENCIÓN DEL TÍTULO
Título Ich bin, Ich und mein umstand...
Resto del título : grundlegung der philosophie von José Ortega y Gasset /
Mención de responsabilidad, etc. Rosemarie Winter.
260 ## - PUBLICACIÓN, DISTRIBUCIÓN, ETC.
Lugar de publicación, distribución, etc. Marburg :
Nombre del editor, distribuidor, etc. Tectum,
Fecha de publicación, distribución, etc. [2013]
300 ## - DESCRIPCIÓN FÍSICA
Extensión 234 p. :
Otras características físicas il., retr. ;
Dimensiones 21 cm.
504 ## - NOTA DE BIBLIOGRAFÍA, ETC.
Nota de bibliografía, etc. Bibliografía: p. 227-234.
600 14 - PUNTO DE ACCESO ADICIONAL DE MATERIA--NOMBRE DE PERSONA
Nombre de persona Ortega y Gasset, José,
Fechas asociadas al nombre 1883-1955-
Subdivisión general Crítica e interpretación
9 (RLIN) 87505
852 ## - LOCALIZACIÓN
Ubicación ES-MaACL
Número de control de estantería A-13811
itemnumber 193184
Sublocalización o colección R.150932
Ubicación en estantería Depósito 1
Signatura antigua Olim: N-6811
Anotaciones manuscritas Dedicatoria autógrafa de la autora
Donativo/Legado Donación: Rosemarie Winter
903 ## - NOMBRE PERSONAL DE DONANTE
9 160801
a Winter, Rosemarie
e Donante
942 ## - ELEMENTOS DE ENTRADA SECUNDARIOS (KOHA)
Fuente del sistema de clasificación o colocación Clasificación decimal universal
Tipo de ítem Koha Libro impreso
Holdings
Estatus retirado Estado de pérdida Fuente del sistema de clasificación o colocación Estado de daño No para préstamo Colección Biblioteca de origen Biblioteca actual Ubicación en estantería Fecha de adquisición Fuente de adquisición Total de préstamos Signatura topográfica completa Código de barras Visto por última vez Precio de reemplazo Tipo de ítem Koha Nota pública
    Clasificación decimal universal     Libros con dedicatorias Biblioteca del Ateneo de Madrid Biblioteca del Ateneo de Madrid Depósito 1 12/09/2016 Donación   A-13811 1196239 23/02/2023 23/02/2023 Libro impreso Dedicatoria autógrafa de la autora